| 000 -CABECERA |
| Longitud fija campo de control |
00607nam a2200193 a 4500 |
| 001 - NÚMERO DE CONTROL |
| Número de control |
3406 |
| 003 - IDENTIFICADOR DEL NÚMERO DE CONTROL |
| Identificador del número de control |
CDMR |
| 005 - FECHA Y HORA DE LA ÚLTIMA TRANSACCIÓN |
| Fecha y hora de la última transacción |
20131125163505.0 |
| 008 - CÓDIGOS DE INFORMACIÓN DE LONGITUD FIJA |
| Códigos de información de longitud fija |
130130s1986||||||||||||||||||||||||||||d |
| 040 ## - FUENTE DE LA CATALOGACIÓN |
| Centro catalogador de origen |
CDMR |
| Lengua de catalogación |
cat |
| Centro transcriptor |
CDMR |
| 100 1# - PUNTO DE ACCESO PRINCIPAL-NOMBRE DE PERSONA |
| Nombre de persona |
Espin Templado, Eduardo |
| 9 (RLIN) |
1921 |
| 245 10 - MENCIÓN DE TÍTULO |
| Título |
Secreto sumarial y libertad de información |
| Mención de responsabilidad, etc. |
Eduardo Espín Templado |
| 260 ## - PUBLICACIÓN, DISTRIBUCIÓN, ETC. (PIE DE IMPRENTA) |
| Lugar de publicación, distribución, etc. |
Barcelona |
| Nombre del editor, distribuidor, etc. |
Imp. Altés |
| Fecha de publicación, distribución, etc. |
[1986] |
| 300 ## - DESCRIPCIÓN FÍSICA |
| Extensión |
[12] p. |
| 500 ## - NOTA GENERAL |
| Nota general |
Separata de la Revista Jurídica de Catalunya, núm. 2, 1986 |
| 650 04 - PUNTO DE ACCESO ADICIONAL DE MATERIA - TÉRMINO DE MATERIA |
| 9 (RLIN) |
1574 |
| Término de materia o nombre geográfico como elemento inicial |
Llibertat d'informació |
| 710 2# - PUNTO DE ACCESO ADICIONAL - NOMBRE DE ENTIDAD |
| 9 (RLIN) |
4384 |
| Nombre de entidad o nombre de jurisdicción como elemento inicial |
Revista Jurídica de Catalunya |
| 942 ## - ENTRADA DE ELEMENTOS AGREGADOS (KOHA) |
| Koha [por defecto] tipo de item |
Fullets |
| Fuente de clasificaión o esquema |
|